Library Logo

Pioneer International University Library Catalogue

THE MYSTERY OF RUKODZI MOUNTAIN (Record no. 9689)

MARC details
000 -LEADER
fixed length control field 00422nam a22001577a 4500
003 - CONTROL NUMBER IDENTIFIER
control field OSt
005 - DATE AND TIME OF LATEST TRANSACTION
control field 20251021115526.0
008 - FIXED-LENGTH DATA ELEMENTS--GENERAL INFORMATION
fixed length control field 251021b |||||||| |||| 00| 0 eng d
020 ## - INTERNATIONAL STANDARD BOOK NUMBER
International Standard Book Number 9780340984239
040 ## - CATALOGING SOURCE
Transcribing agency HODDER EDUCATION
050 ## - LIBRARY OF CONGRESS CALL NUMBER
Classification number PL 8704 .M87 2014
245 ## - TITLE STATEMENT
Title THE MYSTERY OF RUKODZI MOUNTAIN
Statement of responsibility, etc. MUSARIRI. BLESSING
250 ## - EDITION STATEMENT
Edition statement 1ST EDITION
260 ## - PUBLICATION, DISTRIBUTION, ETC.
Place of publication, distribution, etc. LONDON,NW1
Name of publisher, distributor, etc. HODDER EDUCATION
Date of publication, distribution, etc. 2008
942 ## - ADDED ENTRY ELEMENTS (KOHA)
Source of classification or shelving scheme Library of Congress Classification
Koha item type Books
Suppress in OPAC No

No items available.